000 00447nam a2200181Ia 4500
005 20251020182524.0
008 200515s9999 xx 000 0 und d
082 _a691.327.7/I59
245 0 _aAdoquines de concreto
260 _aMéxico, D.F.
260 _c1988
300 _aInstituto Mexicano del Cemento y del Concreto
500 _a1 ejemplar
650 _aADOQUINES DE CONCRETO
650 _aLIB
650 _aPUB IMCYC
942 _cLIB
999 _c1840
_d1840